Cities I've visited in Europe - Statistics

General Stats
  • This quiz has been taken 20 times
    6 since last reset
  • The average score is 35 of 92
Answer Stats
Country/Region City % Correct
Nouvelle Aquitaine Bordeaux
100%
Brittany Brest
100%
North Rhineland Cologne
100%
North Rhineland Dortmund
100%
North Rhineland Essen
100%
Portugal Lisbon
100%
Pays de la Loire Nantes
100%
Ile De France Paris
100%
Portugal Porto
100%
Grand Est Strasbourg
100%
Baden-Wurttemburg Stuttgart
100%
North Rhineland Aachen
67%
Bosnia Banja Luka
67%
Switzerland Basel
67%
Switzerland Bern
67%
Portugal Braga
67%
Slovakia Bratislava
67%
Czechia Brno
67%
Hungary Budapest
67%
Hungary Debrecen
67%
Normandy Dunkirk
67%
Hauts De France Dunkirk
67%
Thuringia Erfurt
67%
Portugal Faro
67%
Switzerland Geneva
67%
Austria Graz
67%
Austria Innsbruck
67%
Switzerland Lausanne
67%
Hauts De France Lille
67%
Czechia Olomouc
67%
Czechia Ostrava
67%
Czechia Plzen
67%
Czechia Prague
67%
Croatia Rijeka
67%
Austria Salzburg
67%
Bosnia Sarajevo
67%
Croatia Split
67%
Austria Vienna
67%
Croatia Zadar
67%
Croatia Zagreb
67%
Switzerland Zurich
67%
North Rhineland Bonn
33%
Bosnia Brcko
33%
Bourgogne-Franche-Comte Dijon
33%
Croatia Dubrovnik
33%
Pays de la Loire Le Mans
33%
Baden-Wurttemburg Mannheim
33%
Bavaria Munich
33%
Grand Est Nancy
33%
Slovakia Nitra
33%
Bavaria Nuremburg
33%
Baden-Wurttemburg Ravensburg
33%
North Rhineland Wuppertal
33%
Hauts De France Amiens
0%
Pays de la Loire Angers
0%
Slovakia Banska Bystrica
0%
Nouvelle Aquitaine Bayonne
0%
Bourgogne-Franche-Comte Beaune
0%
Bourgogne-Franche-Comte Belfort
0%
Bourgogne-Franche-Comte Besancon
0%
Normandy Caen
0%
Hauts De France Calais
0%
Czechia Ceske Budejovice
0%
Grand Est Champagne
0%
Ile De France Creteil
0%
Normandy Dinan
0%
Thuringia Jena
0%
Baden-Wurttemburg Karlsruhe
0%
Nouvelle Aquitaine La Rochelle
0%
Brittany Le Havre
0%
Switzerland Lugano
0%
Bourgogne-Franche-Comte Macon
0%
Grand Est Metz
0%
North Rhineland Munster
0%
Bourgogne-Franche-Comte Nevers
0%
Bavaria Passau
0%
Hungary Pecs
0%
Bavaria Regensburg
0%
Grand Est Reims
0%
Normandy Rennes
0%
Brittany Rouen
0%
Ile De France Saint Denis
0%
Normandy Saint Malo
0%
Baden-Wurttemburg Sandhausen
0%
Hungary Sopron
0%
Thuringia Suhl
0%
Baden-Wurttemburg Tubingen
0%
Grand Est Verdun
0%
Ile De France Versailles
0%
Switzerland Winterthur
0%
Bavaria Wurzburg
0%
Czechia Zlin
0%
No matching quizzes found
Score Distribution
Percent of People with Each Score
Percentile by Number Answered
Your Score History
You have not taken this quiz since the last reset